000 003470000a22001210004500
090 _aAS
_bSeriadas
245 1 0 _aObservaciones sobre la ecología del páramo Andino de Monserrate
041 0 _aEspañol
700 1 _aAbouchaar, Alberto
_999410
100 1 _aSturm, Helmut
_922334
942 _cARTICULO
773 1 _tCaldasia
_345
_h62
_q223-256
_d1981
_g13
999 _c14928
_d14928